[Event "World Chess Olympiad 2018"]
[Site "Batumi"]
[Date "2018.10.04"]
[Round "10"]
[Board "4"]
[WhiteFideId "5203953"]
[White "Pascua Haridas"]
[BlackFideId "3600734"]
[Black "Munoz Sanchez Miguel"]
[Result "1-0"]
[LiveChessVersion "1.4.8"]
[BlackElo "2254"]
[WhiteElo "2435"]

1. Nf3 {[%clk 1:30:47]} Nf6 {[%clk 1:30:51]} 2. g3 {[%clk 1:30:35]} g6
{[%clk 1:31:13]} 3. Bg2 {[%clk 1:30:55]} d5 {[%clk 1:31:37]} 4. c4
{[%clk 1:30:13]} d4 {[%clk 1:27:43]} 5. b4 {[%clk 1:30:05]} Bg7 {[%clk 1:27:58]}
6. Bb2 {[%clk 1:30:09]} c5 {[%clk 1:28:10]} 7. O-O {[%clk 1:23:20]} O-O
{[%clk 1:28:04]} 8. d3 {[%clk 1:23:05]} Nfd7 {[%clk 1:24:15]} 9. Nbd2
{[%clk 1:22:30]} Nc6 {[%clk 1:23:38]} 10. a3 {[%clk 1:21:10]} e5 {[%clk 1:18:28]}
11. Nb3 {[%clk 1:20:53]} Re8 {[%clk 1:14:21]} 12. Nfd2 {[%clk 1:16:38]} f5
{[%clk 1:03:36]} 13. bxc5 {[%clk 1:16:38]} Qe7 {[%clk 0:51:21]} 14. a4
{[%clk 1:15:51]} Nf6 {[%clk 0:51:44]} 15. Qc2 {[%clk 1:05:42]} h5
{[%clk 0:49:14]} 16. Nf3 {[%clk 1:02:56]} Be6 {[%clk 0:40:23]} 17. Rfe1
{[%clk 1:00:28]} Rad8 {[%clk 0:37:54]} 18. Rad1 {[%clk 0:51:15]} Ng4
{[%clk 0:28:05]} 19. h3 {[%clk 0:34:34]} f4 {[%clk 0:27:54]} 20. hxg4
{[%clk 0:32:57]} hxg4 {[%clk 0:27:33]} 21. Nh2 {[%clk 0:32:13]} Qg5
{[%clk 0:27:23]} 22. Bc1 {[%clk 0:28:12]} Qh5 {[%clk 0:23:56]} 23. gxf4
{[%clk 0:27:15]} Kf7 {[%clk 0:23:14]} 24. e3 {[%clk 0:23:12]} Rh8
{[%clk 0:17:25]} 25. Nf1 {[%clk 0:23:36]} g5 {[%clk 0:17:49]} 26. fxg5
{[%clk 0:20:24]} e4 {[%clk 0:18:11]} 27. exd4 {[%clk 0:19:47]} Rxd4
{[%clk 0:18:16]} 28. Qd2 {[%clk 0:15:04]} Be5 {[%clk 0:17:12]} 29. g6+
{[%clk 0:15:05]} Kxg6 {[%clk 0:11:12]} 30. Rxe4 {[%clk 0:14:35]} Rd7
{[%clk 0:06:11]} 31. Rde1 {[%clk 0:09:09]} Rdh7 {[%clk 0:04:36]} 32. Rxe5
{[%clk 0:04:38]} Nxe5 {[%clk 0:04:52]} 33. Qf4 {[%clk 0:05:02]} 1-0

[Event "World Chess Olympiad 2018"]
[Site "Batumi"]
[Date "2018.10.04"]
[Round "10"]
[Board "1"]
[WhiteFideId "12800112"]
[White "Sulskis Sarunas"]
[BlackFideId "1207822"]
[Black "Lupulescu Constantin"]
[Result "0-1"]
[LiveChessVersion "1.4.8"]
[BlackElo "2606"]
[WhiteElo "2525"]

1. e4 {[%clk 1:30:55]} c5 {[%clk 1:30:57]} 2. Nc3 {[%clk 1:31:00]} d6
{[%clk 1:30:40]} 3. d4 {[%clk 1:30:56]} cxd4 {[%clk 1:30:49]} 4. Qxd4
{[%clk 1:31:18]} Nc6 {[%clk 1:31:00]} 5. Qd2 {[%clk 1:31:08]} Nf6
{[%clk 1:29:39]} 6. b3 {[%clk 1:30:34]} e6 {[%clk 1:26:14]} 7. Bb2
{[%clk 1:30:57]} Be7 {[%clk 1:25:28]} 8. O-O-O {[%clk 1:30:00]} O-O
{[%clk 1:25:12]} 9. Kb1 {[%clk 1:18:15]} a6 {[%clk 1:24:30]} 10. f3
{[%clk 1:14:17]} b5 {[%clk 1:22:24]} 11. g4 {[%clk 1:06:01]} Nd7 {[%clk 1:14:59]}
12. h4 {[%clk 1:02:47]} Nc5 {[%clk 1:14:59]} 13. g5 {[%clk 0:59:15]} b4
{[%clk 1:14:32]} 14. Nce2 {[%clk 0:55:45]} a5 {[%clk 1:11:14]} 15. Nd4
{[%clk 0:47:21]} Nxd4 {[%clk 1:09:12]} 16. Bxd4 {[%clk 0:44:04]} Qc7
{[%clk 0:56:17]} 17. Ne2 {[%clk 0:37:51]} e5 {[%clk 0:52:18]} 18. Bxc5
{[%clk 0:29:46]} dxc5 {[%clk 0:50:32]} 19. Nc1 {[%clk 0:28:57]} Rd8
{[%clk 0:35:44]} 20. Qe1 {[%clk 0:29:20]} Be6 {[%clk 0:34:06]} 21. Bh3
{[%clk 0:27:39]} Bxh3 {[%clk 0:27:06]} 22. Rxh3 {[%clk 0:27:53]} c4
{[%clk 0:27:33]} 23. Rxd8+ {[%clk 0:20:30]} Rxd8 {[%clk 0:25:45]} 24. Rh1
{[%clk 0:18:10]} c3 {[%clk 0:21:05]} 25. Qe2 {[%clk 0:17:13]} Rd2
{[%clk 0:20:34]} 26. Qb5 {[%clk 0:17:09]} Qc5 {[%clk 0:20:07]} 27. Qe8+
{[%clk 0:11:45]} Bf8 {[%clk 0:20:30]} 28. h5 {[%clk 0:12:11]} Qd6
{[%clk 0:12:11]} 29. g6 {[%clk 0:06:59]} hxg6 {[%clk 0:12:02]} 30. hxg6
{[%clk 0:07:03]} Qxg6 {[%clk 0:12:20]} 31. Qxe5 {[%clk 0:05:14]} Rxc2
{[%clk 0:11:55]} 32. Qh5 {[%clk 0:02:55]} Qxh5 {[%clk 0:11:09]} 33. Rxh5
{[%clk 0:03:20]} Rb2+ {[%clk 0:10:54]} 34. Ka1 {[%clk 0:03:44]} g6
{[%clk 0:09:55]} 35. Rd5 {[%clk 0:01:54]} Bg7 {[%clk 0:06:18]} 36. Nd3
{[%clk 0:01:36]} c2 {[%clk 0:06:19]} 0-1

[Event "World Chess Olympiad 2018"]
[Site "Batumi"]
[Date "2018.10.04"]
[Round "10"]
[Board "2"]
[WhiteFideId "1204297"]
[White "Parligras Mircea-Emilian"]
[BlackFideId "12803731"]
[Black "Laurusas Tomas"]
[Result "1/2-1/2"]
[LiveChessVersion "1.4.8"]
[BlackElo "2484"]
[WhiteElo "2623"]

1. d4 {[%clk 1:30:56]} d5 {[%clk 1:30:51]} 2. Nf3 {[%clk 1:31:12]} Nf6
{[%clk 1:31:10]} 3. c4 {[%clk 1:31:34]} c6 {[%clk 1:31:35]} 4. Nc3
{[%clk 1:31:48]} g6 {[%clk 1:31:54]} 5. cxd5 {[%clk 1:31:23]} cxd5
{[%clk 1:32:15]} 6. Bf4 {[%clk 1:31:45]} Bg7 {[%clk 1:32:41]} 7. e3
{[%clk 1:31:50]} O-O {[%clk 1:33:06]} 8. h3 {[%clk 1:30:44]} Ne4 {[%clk 1:33:13]}
9. Nxe4 {[%clk 1:25:11]} dxe4 {[%clk 1:32:36]} 10. Nd2 {[%clk 1:25:37]} f5
{[%clk 1:33:01]} 11. Qb3+ {[%clk 1:16:12]} Kh8 {[%clk 1:33:17]} 12. Rd1
{[%clk 1:15:25]} Nc6 {[%clk 1:30:21]} 13. Nc4 {[%clk 1:12:36]} Be6
{[%clk 1:25:08]} 14. Qxb7 {[%clk 1:04:30]} Bxc4 {[%clk 0:59:34]} 15. Bxc4
{[%clk 1:04:30]} Na5 {[%clk 0:59:58]} 16. Qb4 {[%clk 1:02:47]} Nxc4
{[%clk 1:00:24]} 17. Qxc4 {[%clk 1:03:12]} Qa5+ {[%clk 1:00:50]} 18. b4
{[%clk 1:01:30]} Rac8 {[%clk 0:57:22]} 19. bxa5 {[%clk 0:48:51]} Rxc4
{[%clk 0:57:45]} 20. Rb1 {[%clk 0:43:14]} Bf6 {[%clk 0:58:07]} 21. O-O
{[%clk 0:42:14]} Ra4 {[%clk 0:57:58]} 22. Bc7 {[%clk 0:41:15]} Rc8
{[%clk 0:47:42]} 23. Rfc1 {[%clk 0:37:40]} Rxa2 {[%clk 0:46:49]} 24. Rc5
{[%clk 0:38:01]} Kg8 {[%clk 0:45:53]} 25. Rb7 {[%clk 0:34:09]} a6
{[%clk 0:42:37]} 26. Ra7 {[%clk 0:33:18]} Ra1+ {[%clk 0:42:44]} 27. Kh2
{[%clk 0:33:45]} Ra2 {[%clk 0:43:06]} 28. Rxa6 {[%clk 0:29:22]} Rxf2
{[%clk 0:43:16]} 29. Bg3 {[%clk 0:29:32]} Rc2 {[%clk 0:43:41]} 30. Rxc8+
{[%clk 0:29:26]} Rxc8 {[%clk 0:44:09]} 31. Rb6 {[%clk 0:29:21]} Rc2
{[%clk 0:39:03]} 32. Rb3 {[%clk 0:18:18]} Ra2 {[%clk 0:36:28]} 33. Bc7
{[%clk 0:18:39]} g5 {[%clk 0:32:28]} 34. Rb5 {[%clk 0:14:54]} f4 {[%clk 0:32:19]}
35. exf4 {[%clk 0:15:20]} gxf4 {[%clk 0:32:46]} 36. Bxf4 {[%clk 0:15:33]} Bxd4
{[%clk 0:33:10]} 37. Rd5 {[%clk 0:07:57]} Bc3 {[%clk 0:31:25]} 38. Rc5
{[%clk 0:07:35]} Bd4 {[%clk 0:30:07]} 39. Rd5 {[%clk 0:06:22]} Bc3
{[%clk 0:30:31]} 40. Rc5 {[%clk 0:35:22]} Bd4 {[%clk 1:00:51]} 1/2-1/2

[Event "World Chess Olympiad 2018"]
[Site "Batumi"]
[Date "2018.10.04"]
[Round "10"]
[Board "3"]
[WhiteFideId "12804444"]
[White "Stremavicius Titas"]
[BlackFideId "1226380"]
[Black "Deac Bogdan-Daniel"]
[Result "1/2-1/2"]
[LiveChessVersion "1.4.8"]
[BlackElo "2594"]
[WhiteElo "2467"]

1. d4 {[%clk 1:30:53]} Nf6 {[%clk 1:30:55]} 2. c4 {[%clk 1:31:14]} e6
{[%clk 1:31:23]} 3. Nf3 {[%clk 1:31:36]} d5 {[%clk 1:29:18]} 4. Nc3
{[%clk 1:31:41]} a6 {[%clk 1:29:40]} 5. cxd5 {[%clk 1:31:30]} exd5
{[%clk 1:30:08]} 6. Bg5 {[%clk 1:30:42]} Be6 {[%clk 1:30:35]} 7. e3
{[%clk 1:31:03]} Nbd7 {[%clk 1:31:03]} 8. Bd3 {[%clk 1:31:23]} Bd6
{[%clk 1:31:28]} 9. Qc2 {[%clk 1:30:23]} c6 {[%clk 1:31:34]} 10. Bf4
{[%clk 1:29:35]} Qc7 {[%clk 1:31:06]} 11. Bxd6 {[%clk 1:19:41]} Qxd6
{[%clk 1:31:33]} 12. h3 {[%clk 1:18:11]} O-O {[%clk 1:31:43]} 13. O-O
{[%clk 1:16:13]} g6 {[%clk 1:32:09]} 14. Rae1 {[%clk 1:14:38]} Rac8 15. Ng5
{[%clk 0:57:56]} c5 {[%clk 1:26:03]} 16. Qd2 {[%clk 0:57:59]} b5 {[%clk 1:00:16]}
17. dxc5 {[%clk 0:57:52]} Nxc5 {[%clk 0:52:28]} 18. Bb1 {[%clk 0:51:40]} Rfd8
{[%clk 0:40:55]} 19. Qd4 {[%clk 0:38:42]} Qe7 {[%clk 0:39:51]} 20. Rc1
{[%clk 0:31:52]} h6 {[%clk 0:21:26]} 21. Nxe6 {[%clk 0:29:42]} Nxe6
{[%clk 0:21:47]} 22. Qe5 {[%clk 0:28:40]} Rc5 {[%clk 0:12:35]} 23. b4
{[%clk 0:21:50]} Rc7 {[%clk 0:08:41]} 24. Ne2 {[%clk 0:21:27]} Rxc1
{[%clk 0:03:20]} 25. Rxc1 {[%clk 0:21:38]} Nd7 {[%clk 0:03:44]} 26. Qxd5
{[%clk 0:19:57]} Qxb4 {[%clk 0:04:12]} 27. Ng3 {[%clk 0:14:05]} Qb2
{[%clk 0:02:14]} 28. Rf1 {[%clk 0:13:58]} Ndc5 {[%clk 0:02:27]} 29. Qc6
{[%clk 0:12:21]} Qe5 {[%clk 0:01:37]} 30. Bc2 {[%clk 0:11:09]} Rd6
{[%clk 0:00:41]} 31. Qe8+ {[%clk 0:08:10]} Kg7 {[%clk 0:01:09]} 32. Bb3
{[%clk 0:08:35]} Rd8 {[%clk 0:00:50]} 33. Qc6 {[%clk 0:08:34]} Rd6
{[%clk 0:00:56]} 34. Qe8 {[%clk 0:08:59]} Rd8 {[%clk 0:00:35]} 35. Qc6
{[%clk 0:09:27]} Rd6 {[%clk 0:00:36]} 1/2-1/2

[Event "World Chess Olympiad 2018"]
[Site "Batumi"]
[Date "2018.10.04"]
[Round "10"]
[Board "4"]
[WhiteFideId "1211668"]
[White "Chirila Ioan-Cristian"]
[BlackFideId "12800031"]
[Black "Malisauskas Vidmantas"]
[Result "0-1"]
[LiveChessVersion "1.4.8"]
[BlackElo "2443"]
[WhiteElo "2576"]

1. d4 {[%clk 1:30:49]} Nf6 {[%clk 1:30:51]} 2. Bf4 {[%clk 1:31:02]} d5
{[%clk 1:30:02]} 3. e3 {[%clk 1:30:48]} e6 {[%clk 1:30:00]} 4. Nd2
{[%clk 1:29:46]} c5 {[%clk 1:30:20]} 5. c3 {[%clk 1:30:09]} Bd6 {[%clk 1:30:36]}
6. Bg3 {[%clk 1:29:47]} O-O {[%clk 1:30:51]} 7. Bd3 {[%clk 1:29:09]} cxd4
{[%clk 1:23:06]} 8. exd4 {[%clk 1:28:44]} b6 {[%clk 1:23:27]} 9. Qe2
{[%clk 1:23:41]} a5 {[%clk 1:07:45]} 10. Ngf3 {[%clk 1:22:45]} Ba6
{[%clk 1:08:05]} 11. Bxa6 {[%clk 1:21:24]} Nxa6 {[%clk 1:03:14]} 12. Ne5
{[%clk 1:21:10]} Bxe5 {[%clk 1:03:32]} 13. Bxe5 Nc7 14. O-O {[%clk 1:20:56]} Nce8
{[%clk 1:01:58]} 15. c4 {[%clk 1:11:31]} dxc4 {[%clk 1:01:02]} 16. Nxc4
{[%clk 1:09:17]} Nd5 {[%clk 1:01:16]} 17. Rac1 {[%clk 1:08:37]} Nef6
{[%clk 0:59:04]} 18. Nd6 {[%clk 1:06:48]} Qd7 {[%clk 0:55:13]} 19. Qd3
{[%clk 0:50:42]} Ne8 {[%clk 0:51:02]} 20. Ne4 {[%clk 0:49:21]} f6
{[%clk 0:49:53]} 21. Bg3 {[%clk 0:49:04]} f5 {[%clk 0:47:44]} 22. Ng5
{[%clk 0:33:57]} h6 {[%clk 0:48:03]} 23. Nf3 {[%clk 0:34:22]} f4 {[%clk 0:48:08]}
24. Bh4 {[%clk 0:34:07]} g5 {[%clk 0:45:25]} 25. Qg6+ {[%clk 0:33:44]} Ng7
{[%clk 0:45:46]} 26. Bxg5 {[%clk 0:29:59]} hxg5 {[%clk 0:45:10]} 27. Nxg5
{[%clk 0:30:26]} Nf6 {[%clk 0:45:26]} 28. Rfe1 {[%clk 0:30:09]} Qe8
{[%clk 0:40:10]} 29. Qd3 {[%clk 0:28:27]} Rc8 {[%clk 0:35:02]} 30. Rxc8
{[%clk 0:27:45]} Qxc8 {[%clk 0:35:21]} 31. h4 {[%clk 0:28:04]} Qd7
{[%clk 0:29:57]} 32. Qg6 {[%clk 0:12:03]} Qe8 {[%clk 0:28:09]} 33. Qd3
{[%clk 0:12:29]} Qh5 {[%clk 0:25:53]} 34. Nf3 {[%clk 0:07:26]} Nd5
{[%clk 0:23:30]} 35. Re5 {[%clk 0:05:58]} Rf5 {[%clk 0:19:57]} 36. Re1
{[%clk 0:06:26]} Qg4 {[%clk 0:14:56]} 37. Rc1 {[%clk 0:06:19]} Rf8
{[%clk 0:11:29]} 38. a3 {[%clk 0:04:29]} Nf5 {[%clk 0:08:21]} 39. Qe4
{[%clk 0:03:48]} Rf6 {[%clk 0:07:02]} 40. Rc8+ {[%clk 0:30:55]} Kg7
{[%clk 0:37:09]} 41. Ng5 {[%clk 0:31:06]} Nde7 {[%clk 0:30:06]} 42. Rc7
{[%clk 0:23:07]} Rh6 {[%clk 0:26:14]} 43. Nxe6+ {[%clk 0:17:44]} Kh8
{[%clk 0:26:01]} 44. Ng5 {[%clk 0:10:47]} Qd1+ {[%clk 0:22:34]} 45. Kh2
{[%clk 0:11:14]} Rxh4+ {[%clk 0:21:51]} 46. Nh3 {[%clk 0:11:41]} Rh7
{[%clk 0:19:24]} 47. Rd7 {[%clk 0:10:03]} Qg4 {[%clk 0:18:12]} 48. Rd8+
{[%clk 0:04:59]} Ng8 {[%clk 0:16:23]} 49. Rf8 {[%clk 0:05:26]} Nd6
{[%clk 0:14:57]} 50. Qe5+ {[%clk 0:03:27]} Rg7 {[%clk 0:15:20]} 51. Nxf4
{[%clk 0:03:49]} Nc4 {[%clk 0:15:17]} 52. Qf6 {[%clk 0:01:56]} Nd2
{[%clk 0:13:08]} 53. g3 {[%clk 0:01:12]} Ne4 {[%clk 0:11:53]} 54. Qe5
{[%clk 0:01:02]} Nxg3 {[%clk 0:12:06]} 55. Ng6+ {[%clk 0:00:41]} Qxg6
{[%clk 0:11:28]} 56. fxg3 {[%clk 0:01:10]} Kh7 {[%clk 0:11:30]} 57. Qf5
{[%clk 0:01:15]} Qxf5 {[%clk 0:10:42]} 58. Rxf5 {[%clk 0:01:44]} Rd7
{[%clk 0:10:52]} 59. Rb5 {[%clk 0:01:58]} Rd6 {[%clk 0:11:14]} 60. a4
{[%clk 0:02:11]} Rxd4 {[%clk 0:11:03]} 61. b3 {[%clk 0:02:05]} Rb4
{[%clk 0:11:20]} 62. Rxb4 {[%clk 0:02:27]} axb4 {[%clk 0:11:42]} 63. Kg2
{[%clk 0:02:56]} Kg6 {[%clk 0:11:31]} 64. Kf3 {[%clk 0:03:25]} Kf5
{[%clk 0:11:51]} 65. Ke3 {[%clk 0:03:47]} Ke5 {[%clk 0:12:12]} 66. Kd3
{[%clk 0:03:52]} Kd5 {[%clk 0:12:28]} 67. g4 {[%clk 0:04:19]} Ne7
{[%clk 0:12:19]} 68. g5 {[%clk 0:04:46]} Ng6 {[%clk 0:12:24]} 69. Ke3
{[%clk 0:04:33]} Nh8 {[%clk 0:12:37]} 70. Kf4 {[%clk 0:04:45]} Kd4
{[%clk 0:12:53]} 71. Kf5 {[%clk 0:04:56]} Kc3 {[%clk 0:13:16]} 72. Kf6
{[%clk 0:05:21]} Kxb3 {[%clk 0:13:40]} 0-1

[Event "World Chess Olympiad 2018"]
[Site "Batumi"]
[Date "2018.10.04"]
[Round "10"]
[Board "1"]
[WhiteFideId "12539929"]
[White "Maghsoodloo Parham"]
[BlackFideId "13602853"]
[Black "Tutisani Noe"]
[Result "1-0"]
[LiveChessVersion "1.4.8"]
[BlackElo "2471"]
[WhiteElo "2649"]

1. Nf3 {[%clk 1:30:56]} Nf6 {[%clk 1:30:54]} 2. g3 {[%clk 1:31:21]} g6
{[%clk 1:31:20]} 3. b3 {[%clk 1:29:38]} Bg7 {[%clk 1:31:35]} 4. Bb2
{[%clk 1:30:03]} b6 {[%clk 1:31:38]} 5. d4 {[%clk 1:29:53]} Bb7 {[%clk 1:30:11]}
6. c4 {[%clk 1:30:11]} O-O {[%clk 1:30:19]} 7. Bg2 {[%clk 1:27:03]} e6
{[%clk 1:30:35]} 8. O-O {[%clk 1:27:22]} a5 {[%clk 1:30:40]} 9. Qc2
{[%clk 1:22:54]} Na6 {[%clk 1:24:05]} 10. Nc3 {[%clk 1:15:20]} Nb4
{[%clk 1:22:33]} 11. Qb1 {[%clk 1:14:14]} d5 {[%clk 1:22:47]} 12. Rd1
{[%clk 1:12:51]} Qc8 {[%clk 1:18:31]} 13. a3 {[%clk 0:58:30]} Na6
{[%clk 1:18:31]} 14. cxd5 {[%clk 0:54:05]} Nxd5 {[%clk 1:16:56]} 15. Ne4
{[%clk 0:53:14]} Qd8 {[%clk 1:13:52]} 16. Ne5 {[%clk 0:44:51]} Qe7
{[%clk 1:12:18]} 17. Qc2 {[%clk 0:43:03]} Rfc8 {[%clk 1:08:28]} 18. Nc6
{[%clk 0:41:24]} Qe8 {[%clk 1:05:52]} 19. Rac1 {[%clk 0:41:33]} Nb8
{[%clk 1:03:10]} 20. Ne5 {[%clk 0:40:08]} Nd7 {[%clk 1:03:05]} 21. Nc4
{[%clk 0:36:45]} Rab8 {[%clk 0:50:53]} 22. h4 {[%clk 0:34:28]} Qe7
{[%clk 0:45:16]} 23. Qd2 {[%clk 0:29:23]} Rd8 {[%clk 0:42:33]} 24. a4
{[%clk 0:22:57]} f5 {[%clk 0:36:07]} 25. Ng5 {[%clk 0:22:26]} h6 {[%clk 0:28:32]}
26. Nf3 {[%clk 0:21:44]} c5 {[%clk 0:28:53]} 27. Ba3 {[%clk 0:21:35]} Nb4
{[%clk 0:28:16]} 28. e3 {[%clk 0:19:59]} Bd5 {[%clk 0:25:47]} 29. Qe2
{[%clk 0:19:10]} Kh7 {[%clk 0:25:32]} 30. Ne1 {[%clk 0:17:11]} Bf6
{[%clk 0:20:49]} 31. h5 {[%clk 0:15:09]} Qg7 {[%clk 0:17:11]} 32. hxg6+
{[%clk 0:12:57]} Qxg6 {[%clk 0:17:34]} 33. dxc5 {[%clk 0:10:00]} Nxc5
{[%clk 0:15:57]} 34. Nxb6 {[%clk 0:07:03]} Bxb3 {[%clk 0:10:55]} 35. Rxd8
{[%clk 0:07:20]} Bxd8 {[%clk 0:11:21]} 36. Bxb4 {[%clk 0:07:41]} axb4
{[%clk 0:11:11]} 37. a5 {[%clk 0:08:10]} Ne4 {[%clk 0:05:58]} 38. Nd7
{[%clk 0:08:30]} 1-0

[Event "World Chess Olympiad 2018"]
[Site "Batumi"]
[Date "2018.10.04"]
[Round "10"]
[Board "2"]
[WhiteFideId "13611216"]
[White "Petriashvili Nikoloz"]
[BlackFideId "12510130"]
[Black "Idani Pouya"]
[Result "1/2-1/2"]
[LiveChessVersion "1.4.8"]
[BlackElo "2589"]
[WhiteElo "2343"]

1. c4 {[%clk 1:30:57]} e5 {[%clk 1:30:55]} 2. Nc3 {[%clk 1:30:04]} d6
{[%clk 1:31:21]} 3. g3 {[%clk 1:30:23]} f5 {[%clk 1:31:46]} 4. d4
{[%clk 1:29:38]} Be7 {[%clk 1:32:09]} 5. Nd5 {[%clk 1:25:35]} Nf6
{[%clk 1:30:36]} 6. Nxe7 {[%clk 1:25:59]} Qxe7 {[%clk 1:31:03]} 7. Bg2
{[%clk 1:22:51]} O-O {[%clk 1:31:14]} 8. Nf3 {[%clk 1:22:03]} c5 {[%clk 1:31:16]}
9. dxc5 {[%clk 1:16:41]} dxc5 {[%clk 1:30:46]} 10. O-O {[%clk 1:16:22]} Nc6
{[%clk 1:30:29]} 11. Be3 {[%clk 0:57:43]} e4 {[%clk 1:25:54]} 12. Nd2 Ng4 13. Qb3
{[%clk 0:56:40]} Nd4 {[%clk 1:21:52]} 14. Bxd4 {[%clk 0:55:33]} cxd4
{[%clk 1:22:15]} 15. c5+ {[%clk 0:46:07]} Be6 {[%clk 1:22:13]} 16. Qb4
{[%clk 0:45:54]} Rad8 {[%clk 1:16:07]} 17. Nb3 {[%clk 0:41:33]} b6
{[%clk 1:12:21]} 18. Rfd1 {[%clk 0:35:23]} Ne5 {[%clk 1:00:59]} 19. Nxd4
{[%clk 0:25:48]} bxc5 {[%clk 1:01:18]} 20. Qa3 {[%clk 0:26:11]} Bc4
{[%clk 0:54:48]} 21. b3 {[%clk 0:20:15]} Qd6 {[%clk 0:54:54]} 22. bxc4
{[%clk 0:20:10]} cxd4 {[%clk 0:55:18]} 23. Qxa7 {[%clk 0:19:26]} Nxc4
{[%clk 0:54:58]} 24. Rac1 {[%clk 0:19:23]} Rf7 {[%clk 0:55:14]} 25. Qxf7+
{[%clk 0:16:29]} Kxf7 {[%clk 0:55:38]} 26. Rxc4 {[%clk 0:16:56]} Qb6
{[%clk 0:52:33]} 27. a4 {[%clk 0:15:32]} Rd6 {[%clk 0:48:11]} 28. Bf1
{[%clk 0:14:50]} d3 {[%clk 0:36:08]} 29. exd3 {[%clk 0:14:40]} Qb3
{[%clk 0:36:31]} 30. Rc7+ {[%clk 0:12:50]} Kf6 {[%clk 0:36:15]} 31. Rcc1
{[%clk 0:07:46]} Qxa4 {[%clk 0:36:09]} 32. Be2 {[%clk 0:07:43]} Qa2
{[%clk 0:27:01]} 33. dxe4 {[%clk 0:02:53]} Rxd1+ {[%clk 0:27:26]} 34. Bxd1
{[%clk 0:03:17]} Qd2 {[%clk 0:27:48]} 35. Rc6+ {[%clk 0:02:19]} Ke7
{[%clk 0:26:58]} 36. Bf3 {[%clk 0:01:42]} fxe4 {[%clk 0:27:22]} 37. Bg4
{[%clk 0:01:32]} h5 {[%clk 0:25:07]} 38. Re6+ {[%clk 0:01:48]} Kf7
{[%clk 0:25:29]} 39. Rxe4 {[%clk 0:02:04]} hxg4 {[%clk 0:25:54]} 40. Re3
{[%clk 0:32:23]} Kf6 {[%clk 0:55:30]} 41. Kg2 {[%clk 0:32:36]} Qc1
{[%clk 0:53:03]} 42. Re2 {[%clk 0:28:51]} Qc6+ {[%clk 0:48:47]} 43. Kg1
{[%clk 0:29:15]} Kf5 {[%clk 0:48:51]} 44. Re1 {[%clk 0:29:39]} Qd5
{[%clk 0:47:15]} 45. Re3 {[%clk 0:29:58]} Qd2 {[%clk 0:47:38]} 46. Kg2
{[%clk 0:30:17]} Qc1 {[%clk 0:44:11]} 47. Re2 {[%clk 0:30:24]} g6
{[%clk 0:44:18]} 48. Re3 {[%clk 0:30:38]} Qd1 {[%clk 0:43:47]} 49. Re7
{[%clk 0:30:48]} Kf6 {[%clk 0:44:01]} 50. Re3 {[%clk 0:31:13]} Kf7
{[%clk 0:44:20]} 51. Re5 {[%clk 0:31:21]} Qa1 {[%clk 0:43:47]} 52. Re3
{[%clk 0:31:43]} Qd4 {[%clk 0:43:36]} 53. Kg1 {[%clk 0:32:08]} Kf6
{[%clk 0:43:28]} 54. Kg2 {[%clk 0:32:34]} Kf5 {[%clk 0:43:41]} 55. Kg1
{[%clk 0:32:58]} Qxe3 {[%clk 0:42:04]} 56. fxe3 {[%clk 0:33:24]} Ke4
{[%clk 0:42:31]} 57. Kg2 {[%clk 0:33:20]} Kxe3 {[%clk 0:42:56]} 58. h3
{[%clk 0:33:48]} Ke2 {[%clk 0:43:13]} 59. hxg4 {[%clk 0:34:02]} g5
{[%clk 0:43:37]} 60. Kh2 {[%clk 0:34:26]} Kf2 {[%clk 0:43:57]} 61. Kh3
{[%clk 0:34:51]} Kg1 1/2-1/2

[Event "World Chess Olympiad 2018"]
[Site "Batumi"]
[Date "2018.10.04"]
[Round "10"]
[Board "3"]
[WhiteFideId "12521213"]
[White "Tabatabaei M.amin"]
[BlackFideId "13611860"]
[Black "Kacharava Nikolozi"]
[Result "1-0"]
[LiveChessVersion "1.4.8"]
[BlackElo "2373"]
[WhiteElo "2576"]

1. e4 {[%clk 1:30:59]} d6 {[%clk 1:30:42]} 2. d4 {[%clk 1:31:23]} Nf6
{[%clk 1:30:59]} 3. Nc3 {[%clk 1:31:45]} e5 {[%clk 1:31:07]} 4. dxe5
{[%clk 1:30:46]} dxe5 {[%clk 1:31:30]} 5. Qxd8+ {[%clk 1:31:11]} Kxd8
{[%clk 1:31:44]} 6. Nf3 {[%clk 1:31:39]} Bd6 {[%clk 1:30:14]} 7. Be3
{[%clk 1:32:02]} Nbd7 {[%clk 1:20:36]} 8. O-O-O {[%clk 1:32:09]} h6
{[%clk 1:14:33]} 9. h3 {[%clk 1:32:13]} Ke7 {[%clk 1:13:52]} 10. Nd2
{[%clk 1:29:54]} Bc5 {[%clk 1:08:49]} 11. Nc4 {[%clk 1:26:38]} Bxe3+
{[%clk 1:06:30]} 12. Nxe3 {[%clk 1:26:54]} Nb6 {[%clk 1:05:30]} 13. g3
{[%clk 1:26:16]} c6 {[%clk 0:42:34]} 14. f4 {[%clk 1:17:03]} g6 {[%clk 0:42:34]}
15. Be2 {[%clk 1:13:51]} Be6 {[%clk 0:37:30]} 16. a4 {[%clk 0:47:20]} a5
{[%clk 0:36:03]} 17. fxe5 {[%clk 0:45:23]} Nfd7 {[%clk 0:31:25]} 18. Ned5+
{[%clk 0:45:39]} Kf8 {[%clk 0:30:05]} 19. g4 {[%clk 0:35:35]} Rc8
{[%clk 0:28:37]} 20. Rhf1 {[%clk 0:33:01]} Na8 {[%clk 0:27:18]} 21. Nf4
{[%clk 0:25:50]} Ke8 {[%clk 0:24:24]} 22. Rd6 {[%clk 0:21:29]} Nxe5
{[%clk 0:14:39]} 23. Nxe6 {[%clk 0:15:40]} Ke7 {[%clk 0:15:01]} 24. Nc5
{[%clk 0:16:03]} Kxd6 {[%clk 0:15:04]} 25. Nxb7+ {[%clk 0:16:28]} Ke7
{[%clk 0:10:49]} 26. Nxa5 {[%clk 0:16:57]} Nc7 {[%clk 0:10:04]} 27. Nc4
{[%clk 0:17:00]} Nxc4 {[%clk 0:08:26]} 28. Bxc4 {[%clk 0:17:27]} f6
{[%clk 0:07:47]} 29. b3 {[%clk 0:15:16]} Rcf8 {[%clk 0:04:27]} 30. Kb2
{[%clk 0:15:16]} h5 {[%clk 0:04:11]} 31. a5 {[%clk 0:15:37]} hxg4
{[%clk 0:03:32]} 32. hxg4 {[%clk 0:16:05]} Ra8 {[%clk 0:03:09]} 33. Ra1
{[%clk 0:14:34]} Ra7 {[%clk 0:02:20]} 34. b4 {[%clk 0:12:35]} Rh4
{[%clk 0:02:15]} 35. Be2 {[%clk 0:11:03]} f5 {[%clk 0:02:12]} 36. exf5
{[%clk 0:06:06]} gxf5 {[%clk 0:02:35]} 37. Re1 {[%clk 0:06:32]} Kd6
{[%clk 0:00:39]} 38. Bf3 {[%clk 0:06:18]} Na6 {[%clk 0:00:35]} 39. b5
{[%clk 0:05:35]} Nb8 {[%clk 0:00:32]} 40. Rd1+ {[%clk 0:31:59]} Ke7
{[%clk 0:30:32]} 41. bxc6 {[%clk 0:29:47]} fxg4 {[%clk 0:27:33]} 42. Nd5+
{[%clk 0:23:30]} Kd6 {[%clk 0:21:59]} 43. Nf4+ {[%clk 0:22:29]} Ke7
{[%clk 0:19:50]} 44. Re1+ {[%clk 0:08:30]} Kd8 {[%clk 0:17:23]} 45. Ne6+
{[%clk 0:08:09]} Kc8 {[%clk 0:15:58]} 46. Rd1 {[%clk 0:08:24]} Rh8
{[%clk 0:15:11]} 47. Bxg4 {[%clk 0:08:32]} Rxa5 {[%clk 0:10:43]} 48. c7
{[%clk 0:08:29]} Nc6 {[%clk 0:09:50]} 49. Bf3 {[%clk 0:07:51]} Rb5+
{[%clk 0:04:44]} 50. Kc1 {[%clk 0:07:50]} Ra5 {[%clk 0:04:50]} 51. Rd6
{[%clk 0:06:34]} Rb5 {[%clk 0:01:58]} 52. Rxc6 {[%clk 0:06:00]} Rf5
{[%clk 0:00:37]} 53. Rb6 {[%clk 0:05:42]} Kd7 {[%clk 0:00:42]} 54. Bc6+
{[%clk 0:05:57]} Kxe6 {[%clk 0:00:34]} 55. Be8+ {[%clk 0:06:15]} 1-0